|
|
|
|
| LEADER |
00000nam a2200000Ia 4500 |
| 008 |
170808b1992 cr ||||| |||| 00| | spa d |
| 999 |
|
|
|c 1405
|d 1405
|
| 090 |
|
|
|a 06.01.01
|b 633
|
| 111 |
2 |
|
|a Encuentro Nacional de Investigadores en Educación [ 6° : 1992 : San José, C.R.]
|9 3051
|
| 245 |
1 |
0 |
|a Compendio de resúmenes
|
| 260 |
|
|
|a San José, Costa Rica. :
|b Departamento Impresos Rápidos de la UNED,
|c 1992
|
| 300 |
|
|
|a 98 páginas
|
| 650 |
1 |
4 |
|a INVESTIGACIÓN EDUCATIVA
|9 326
|
| 650 |
1 |
4 |
|a PARTICIPACIÓN COMUNITARIA
|9 2303
|
| 650 |
1 |
4 |
|9 8
|a EDUCACIÓN SUPERIOR
|
| 650 |
1 |
4 |
|a CALIDAD DE LA EDUCACIÓN
|9 11
|
| 650 |
1 |
4 |
|a FORMACIÓN DE DOCENTES
|9 9
|
| 650 |
1 |
4 |
|a RENDIMIENTO ACADÉMICO
|9 1095
|
| 650 |
1 |
4 |
|a EVALUACIÓN
|9 287
|
| 650 |
1 |
4 |
|a CONFERENCIA
|9 506
|
| 710 |
1 |
|
|a Comisión Nacional Coordinadora de la Investigación Educativa
|9 3052
|
| 942 |
|
|
|i 001050 ,001187
|h 06.01.01 633
|2 z
|c 01
|